Knihovníctvo a vedecké informácie 1994, roč. 15-16

Guardado en:
Detalles Bibliográficos
Autor Corporativo: Univerzita Komenského v Bratislave. Filozofická fakulta
Otros Autores: Čabrunová, Anna
Formato: Libro
Lenguaje:eslovaco
inglés
ruso
alemán
Publicado: Bratislava Univerzita Komenského v Bratislave 1994
Edición:1. vyd.
Colección:Zborník Filozofickej fakulty Univerzity Komenského
Materias:
Etiquetas: Agregar Etiqueta
Sin Etiquetas, Sea el primero en etiquetar este registro!

MARC

LEADER 00000nam a2200000 4500
001 c010099
005 20221214074441.9
020 |a 80-223-0816-1 
041 0 |a slo 
041 0 |a eng 
041 0 |a rus 
041 0 |a ger 
044 |a SK 
245 1 0 |a Knihovníctvo a vedecké informácie 1994, roč. 15-16  |c red. Anna Čabrunová 
250 |a 1. vyd. 
264 1 |a Bratislava  |b Univerzita Komenského v Bratislave  |c 1994 
300 |a 158 s. 
490 1 |a Zborník Filozofickej fakulty Univerzity Komenského 
830 0 |a Zborník Filozofickej fakulty Univerzity Komenského 
610 2 0 |a knihoveda 
610 2 0 |a knihovníctvo 
610 2 0 |a informatika 
610 2 0 |a technika výpočtová 
610 2 0 |a spracovanie dát 
610 2 0 |a terminológia 
610 2 0 |a vedy spoločenské 
700 1 |a Čabrunová, Anna 
710 2 |a Univerzita Komenského v Bratislave. Filozofická fakulta